Welcome to CU Library Online Public Access Catalogue (OPAC)

Organizational behavior: (Record no. 6004)

MARC details
000 -LEADER
fixed length control field 00477nam a22001817a 4500
005 - DATE AND TIME OF LATEST TRANSACTION
control field 20250528122249.0
008 - FIXED-LENGTH DATA ELEMENTS--GENERAL INFORMATION
fixed length control field 250528b |||||||| |||| 00| 0 eng d
020 ## - INTERNATIONAL STANDARD BOOK NUMBER
International Standard Book Number 9788174730831
050 ## - LIBRARY OF CONGRESS CALL NUMBER
Classification number HD 58.7 MOO
Item number 1
100 ## - MAIN ENTRY--PERSONAL NAME
Personal name MOORHEAD, Gregory
245 ## - TITLE STATEMENT
Title Organizational behavior:
Remainder of title Managing people and organization
250 ## - EDITION STATEMENT
Edition statement 5th
260 ## - PUBLICATION, DISTRIBUTION, ETC.
Place of publication, distribution, etc. New Delhi
Name of publisher, distributor, etc. A.I.T.B
Date of publication, distribution, etc. 2001
300 ## - PHYSICAL DESCRIPTION
Extent xxiv,622p
500 ## - GENERAL NOTE
General note pic.index
700 ## - ADDED ENTRY--PERSONAL NAME
Personal name GRIFFIN W.Ricky
942 ## - ADDED ENTRY ELEMENTS (KOHA)
Source of classification or shelving scheme Library of Congress Classification
Koha item type Books
Suppress in OPAC No
999 ## -
-- 6004
-- 6004
Holdings
Withdrawn status Lost status Source of classification or shelving scheme Damaged status Not for loan Collection Home library Current library Shelving location Date acquired Total checkouts Full call number Barcode Date last seen Copy number Price effective from Koha item type
    Library of Congress Classification     Non-fiction Graduate Library (Christ Temple) Graduate Library (Christ Temple) General stacks 05/28/2025   HD 58.7 MOO GSCT00001348 05/28/2025 1 05/28/2025 Books
    Library of Congress Classification     Non-fiction Graduate Library (Christ Temple) Graduate Library (Christ Temple) General stacks 05/28/2025   HD 58.7 MOO GSCT00001349 05/28/2025 2 05/28/2025 Books
    Library of Congress Classification     Non-fiction Graduate Library (Christ Temple) Graduate Library (Christ Temple) General stacks 05/28/2025   HD 58.7 MOO GSCT00001350 05/28/2025 3 05/28/2025 Books
    Library of Congress Classification     Non-fiction Graduate Library (Christ Temple) Graduate Library (Christ Temple) General stacks 05/28/2025   HD 58.7 MOO GSCT00001371 05/28/2025 4 05/28/2025 Books
© 2023-2024 Copyright: Central University Libraries. All Rights Reserved | Created by: Mahone Tech Office